Results

Below are the most and least guessed answers to the given questions, as well as how your score stacks up against everyone else who took this quiz.
Play Again

The NCAA FBS Nicknames Quiz has been played 236,164 times (16 today)
Team Nickname % Correct
AlabamaCrimson Tide
95.7%
ArkansasRazorbacks
94.8%
Arizona StateSun Devils
92.3%
AuburnTigers
91.6%
ArizonaWildcats
90.9%
DukeBlue Devils
90.6%
ClemsonTigers
90%
FloridaGators
89.9%
GeorgiaBulldogs
88.5%
LSUTigers
87.7%
Boston CollegeEagles
87.1%
KansasJayhawks
87.1%
BaylorBears
86.4%
Florida StateSeminoles
86.1%
MiamiHurricanes
85.7%
ConnecticutHuskies
85.7%
MichiganWolverines
85.5%
Michigan StateSpartans
85.3%
CincinnatiBearcats
84.9%
KentuckyWildcats
84.8%
NebraskaCornhuskers
84.2%
Ohio StateBuckeyes
83.9%
LouisvilleCardinals
83.8%
North CarolinaTar Heels
83.6%
CaliforniaGolden Bears
83.6%
Notre DameFighting Irish
83.5%
IowaHawkeyes
83.5%
OregonDucks
83.4%
Boise StateBroncos
83.1%
Georgia TechYellow Jackets
82.9%
OklahomaSooners
82.9%
IndianaHoosiers
82.6%
TexasLonghorns
82.3%
PurdueBoilermakers
81.5%
SyracuseOrange
81.4%
MarylandTerrapins
81.2%
MemphisTigers
80.9%
MissouriTigers
80.5%
South CarolinaGamecocks
78.9%
TennesseeVolunteers
78.9%
Oklahoma StateCowboys
78.4%
USCTrojans
77.8%
Team Nickname % Correct
IllinoisFighting Illini
77.7%
AkronZips
77.5%
MinnesotaGolden Gophers
77.4%
Kansas StateWildcats
77.2%
Penn StateNittany Lions
76.6%
Texas A&MAggies
76.5%
Oregon StateBeavers
76.4%
StanfordCardinal
75.9%
UCLABruins
75.4%
Fresno StateBulldogs
75.3%
Iowa StateCyclones
75.1%
East CarolinaPirates
74.8%
ColoradoBuffaloes
73.9%
TCUHorned Frogs
73.9%
PittsburghPanthers
73.3%
TempleOwls
72.3%
NavyMidshipmen
72.1%
NC StateWolfpack
72%
Ole MissRebels
71.3%
Texas TechRed Raiders
71%
Colorado StateRams
70%
NorthwesternWildcats
69.8%
WisconsinBadgers
69.6%
Virginia TechHokies
69.3%
Air ForceFalcons
68.5%
HawaiʻiWarriors
68.4%
BYUCougars
68.1%
RiceOwls
67.7%
WashingtonHuskies
67.5%
South FloridaBulls
66.1%
MarshallThundering Herd
65.9%
RutgersScarlet Knights
65.7%
West VirginiaMountaineers
65.3%
Ball StateCardinals
65.2%
UtahUtes
65%
HoustonCougars
65%
VirginiaCavaliers
64%
Mississippi StateBulldogs
63.1%
Wake ForestDemon Deacons
63%
ArmyBlack Knights
61.3%
New MexicoLobos
60.2%
TulaneGreen Wave
60.1%
Team Nickname % Correct
San Diego StateAztecs
59%
SMUMustangs
57.8%
NevadaWolf Pack
57.7%
UNLVRebels
57.1%
VanderbiltCommodores
56.9%
MassachusettsMinutemen
55.6%
WyomingCowboys
55.1%
Washington StateCougars
54%
IdahoVandals
53%
OhioBobcats
50.5%
TroyTrojans
50.3%
BuffaloBulls
49.9%
Central MichiganChippewas
49.2%
UTEPMiners
49.1%
Miami UniversityRedHawks
48.7%
ToledoRockets
48%
UCFKnights
48%
Northern IllinoisHuskies
42.2%
Southern MissGolden Eagles
42%
New Mexico StateAggies
41.7%
Bowling GreenFalcons
41.6%
North TexasMean Green
40.6%
Florida AtlanticOwls
40.4%
Western KentuckyHilltoppers
39.7%
Utah StateAggies
39.3%
Louisiana-LafayetteRagin' Cajuns
38.8%
San Jose StateSpartans
37.8%
Eastern MichiganEagles
37.5%
UABBlazers
36.8%
Kent StateGolden Flashes
36.8%
TulsaGolden Hurricane
35.5%
Western MichiganBroncos
31.3%
Louisiana TechBulldogs
27.7%
Middle TennesseeBlue Raiders
24.4%
Arkansas StateRed Wolves
24.1%
UTSARoadrunners
24%
Florida Intl.Golden Panthers
23.1%
Texas StateBobcats
23%
Louisiana-MonroeWarhawks
20.2%
South AlabamaJaguars
18.3%
 
Number % Answered
124 (all)
1.2%
118-123
11.3%
112-117
8.2%
106-111
8%
100-105
8.2%
94-99
7.6%
88-93
7.4%
82-87
6.8%
76-81
6%
70-75
5%
64-69
4.2%
58-63
3.5%
52-57
2.9%
46-51
2.4%
40-45
2.2%
34-39
1.9%
28-33
1.5%
22-27
1.7%
16-21
1.7%
10-15
2.4%
4-9
3.9%
1-3
1.7%

You might also like these games:
NCAA FBS Head CoachesNCAA FCS NicknamesNCAA FBS Colleges
There are 112 comments for this game.
(Warning: comments may contain spoilers)

NCAA FBS Nicknames Quiz

  1. by Ben
  • Created Oct 13, 2008 in Sports
  • Featured Oct 13, 2008
  • Game Plays 236,164
Embed Game

Remember, Sporcle is now...

Friend Scores and Standings

Loading friend results....